| 000 | 01083nam a22002897a 4500 | ||
|---|---|---|---|
| 005 | 20091023150446.0 | ||
| 008 | 091023t xxu||||| |||| 00| 0 eng d | ||
| 010 | _aENG-95190 | ||
| 020 |
_a9780070677241 _c695.00 |
||
| 020 |
_a0070677247 _c695.00 |
||
| 035 | _aEN-78723 | ||
| 040 | _aDPL | ||
| 082 |
_a005.8 _222 |
||
| 100 | _aDeal, Richard A. | ||
| 245 |
_aCisco ASA configuration / _cby Richard A. Deal. |
||
| 260 |
_aNew Delhi: _bTata McGraw-Hill Education _c2009. |
||
| 270 |
_a7, West Patel Nagar _bNew Delhi _e110009 |
||
| 300 |
_axxxi, 719 p. _c24cm, (Pbk) |
||
| 500 | _aIncludes Index | ||
| 650 |
_aComputer networks _xSecurity measures. |
||
| 650 | _aFirewalls (Computer security) | ||
| 650 | _aSoftware configuration management. | ||
| 650 | _aComputer input-output equipment. | ||
| 942 |
_2ddc _cEN _mDEA _h005.8 |
||
| 999 |
_c31025 _d31025 |
||